00811nam a22002297a 45000010005000000030006000050050017000110080041000280200017000690400029000860500017001150820012001321000018001442450012001622600039001743000047002135050007002605200234002675210028005015210018005296500034005479168FISKH20251126133908.0251126b cb ||||| |||| 00| 0 eng d a033500204050 aFISKHbengcFISKHdFISKH aQL668.E2 F77 a597.89  aHayden, Kate  aFrogs / aNew York : bGolden Books, c1999. a24 pages : bcolor illustrations ; c21 cm aN  aHop along with the amazing frogs in this book! Did you know that some frogs are over a foot Long? Or that some frogs are more poisonous than rattlesnakes? Learn all about frogs -- where they live, what they eat, and why they hop!8 a580 bLexile estimate 8 aN bRaz-Plus  aAnimalsvSciencexInformation